| 000 | 00368nam a2200109Ia 4500 | ||
|---|---|---|---|
| 008 | 220216s9999 xx 000 0 und d | ||
| 100 | _aGrasenick F | ||
| 245 | 0 | _aElectron microscope research on natural rubber by special methods | |
| 260 | _bProceedings of the Natural Rubber Research Conference, Kuala Lumpur, 1960; p619-626 | ||
| 650 | _aNatural rubber | ||
| 942 | _cJS | ||
| 999 |
_c58528 _d58528 |
||